[La noche de S. Bartolomé de 1572 (Record no. 160717)

MARC details
000 -LEADER
campo de control de longitud fija 00839nam a2200205 i 4500
001 - NÚMERO DE CONTROL
campo de control 160717
003 - IDENTIFICADOR DE NÚMERO DE CONTROL
campo de control ES-MaACL
005 - FECHA Y HORA DE LA ÚLTIMA TRANSACCIÓN
campo de control 20250824053551.0
008 - DATOS DE LONGITUD FIJA--INFORMACIÓN GENERAL
campo de control de longitud fija 931025s1847 sp |||| | spa d
080 ## - NÚMERO DE LA CLASIFICACIÓN DECIMAL UNIVERSAL
Número de la Clasificación Decimal Universal 821.133.1-23"18"
245 04 - MENCIÓN DEL TÍTULO
Título [La noche de S. Bartolomé de 1572
Resto del título : drama en cinco actos /
Mención de responsabilidad, etc. traducido del francés por Ramón de Navarrete, para representarse en Madrid el año de 1847].
260 ## - PUBLICACIÓN, DISTRIBUCIÓN, ETC.
Lugar de publicación, distribución, etc. Madrid :
Nombre del editor, distribuidor, etc. Vicente de Lalama,
Fecha de publicación, distribución, etc. 1847.
300 ## - DESCRIPCIÓN FÍSICA
Extensión 20 p. ;
Dimensiones 25 cm.
490 1# - MENCIÓN DE SERIE
Mención de serie Biblioteca Dramática
594 ## - Nota al título y mención de responsabilidad
Nota al título y mención de responsabilidad Título y autor tomado de principio del texto, sin portada.
700 1# - ENTRADA AGREGADA--NOMBRE PERSONAL
Nombre de persona Navarrete, Ramón de,
Fechas asociadas al nombre 1818-1897
9 (RLIN) 85042
830 00 - PUNTO DE ACCESO ADICIONAL DE SERIE-TÍTULO UNIFORME
Título uniforme Biblioteca dramática
9 (RLIN) 242024
852 ## - LOCALIZACIÓN
Ubicación ES-MaACL
Número de control de estantería G-6372(6)
Nota libre -- Enc. hol.
-- -- Enc. en un vol. facticio falto de la cub. original
Holdings
Estatus retirado Estado de pérdida Estado de daño No para préstamo Colección Biblioteca de origen Biblioteca actual Ubicación en estantería Fecha de adquisición Total de préstamos Signatura topográfica completa Código de barras Visto por última vez Precio de reemplazo Tipo de ítem Koha
        Libros del s. XIX Biblioteca del Ateneo de Madrid Biblioteca del Ateneo de Madrid Depósito 2 17/01/2008   G-6372(6) 1168299 23/02/2023 23/02/2023 Libro impreso antiguo